| 000 | 01024nam a22003257a 4500 | ||
|---|---|---|---|
| 003 | CHAP | ||
| 005 | 20251003132658.0 | ||
| 008 | 971013s1990 r 00010 d | ||
| 010 | _a9055 | ||
| 011 | _a10027 | ||
| 035 | _a9264 | ||
| 040 | _cCHAP | ||
| 082 |
_a634.7 _bG3 |
||
| 100 | 0 | 0 |
_aGalletta, Gene _eed. _944433 |
| 245 | _aSmall fruit crop management | ||
| 260 |
_aEnglewood Cliffs, N.J. : _bPrentice Hall, _c1990 |
||
| 300 |
_a602 p. _b: ilus |
||
| 590 |
_aBATCH-UPD _b10 _c20130110 _lUCH01 _h0201 |
||
| 590 |
_aBATCH-UPD _b10 _c20130110 _lUCH01 _h1111 |
||
| 590 |
_aCONVERSION _b10 _c20130109 _lUCH01 _h1306 |
||
| 650 | 1 | 7 |
_aActinidia chinensis _2 _9741 |
| 650 | 1 | 4 |
_aBayas. _910992 |
| 650 | 1 | 4 |
_aFruticultura. _943684 |
| 650 | 1 | 4 |
_aUva. _9117117 |
| 700 | 0 |
_aHimelrick, David G. _955473 |
|
| 901 | _aBK | ||
| 942 | _cLIBRO | ||
| 949 |
_a634.7 G3 _bBC _cLIBRO _d33724000206090 _eLIBRO _gI.151298 _h78041 _i9264 _si _t262.20 |
||
| 949 |
_a634.7 G3 _bBC _cLIBRO _d33724000946000 _eLIBRO _fc.2 _gI.00224470 _h105515 _i9264 _si _t$1.564.00 |
||
| 999 |
_c9055 _d9055 |
||